Dimensions of researches in Indian anthropology. V2. (Record no. 613484)

MARC details
000 -LEADER
fixed length control field 00830nam a2200265Ia 4500
003 - CONTROL NUMBER IDENTIFIER
control field OSt
005 - DATE AND TIME OF LATEST TRANSACTION
control field 20220926005320.0
008 - FIXED-LENGTH DATA ELEMENTS--GENERAL INFORMATION
fixed length control field 220923b |||||||| |||| 00| 0 eng d
020 ## - INTERNATIONAL STANDARD BOOK NUMBER
International Standard Book Number 8186771808
037 ## - SOURCE OF ACQUISITION
Terms of availability General Book
040 ## - CATALOGING SOURCE
Original cataloging agency RTL
Transcribing agency RTL
Language of cataloging eng
041 ## - LANGUAGE CODE
Source of code eng
Language code of text/sound track or separate title eng
100 ## - MAIN ENTRY--PERSONAL NAME
Personal name Sahay Vijay and others Ed.
9 (RLIN) 310045
245 #0 - TITLE STATEMENT
Title Dimensions of researches in Indian anthropology. V2.
260 ## - PUBLICATION, DISTRIBUTION, ETC.
Place of publication, distribution, etc. New Delhi
Name of publisher, distributor, etc. Serials Pub
Date of publication, distribution, etc. 2005
300 ## - PHYSICAL DESCRIPTION
Extent xx,486p
Dimensions cm.
490 ## - SERIES STATEMENT
Series statement Oriental Anthropologist Series II and Social Research
500 ## - GENERAL NOTE
General note Bibliography chapterwise
650 ## - SUBJECT ADDED ENTRY--TOPICAL TERM
Topical term or geographic name entry element Sociology Research Methodology
9 (RLIN) 245172
942 ## - ADDED ENTRY ELEMENTS (KOHA)
Classification part Yb4.2.P, P5.2
Koha item type General Books
Source of classification or shelving scheme Colon Classification (CC)
Holdings
Withdrawn status Lost status Damaged status Not for loan Home library Current library Date acquired Total Checkouts Full call number Barcode Date last seen Price effective from Koha item type
        Ratan Tata Library Ratan Tata Library 2022-09-26   Yb4.2.P P5.2 RT1328808 2022-09-26 2022-09-26 General Books
Copyright @ Delhi University Library System